00000000nam 2200000za 4500
0019.696504
003CaOODSP
00520210624235050
007cr |||||||||||
008150407s2000||||xxc|||||o    f|0| 0 eng d
040 |aCaOODSP|beng
043 |an-cn---
0861 |aP4-49/2-2000E-PDF
1101 |aCanada. |bPublic Works and Government Services Canada.
24510|aKeno Valley/Dublin Gulch environmental baseline assessment. Volume II, : |h[electronic resource]|bKeno Valley sites #1 to #20 / |cprepared by Environmental Services, Public Works and Government Services Canada.
260 |aOttawa - Ontario : |bPublic Works and Government Services Canada |cMarch 2000.
300 |a368p.|bfigs., maps, references, tables, photographs
500 |a"Prepared for Waste Management Program, Indian and Northern Affairs Canada".
580 |aPreceeded by: Keno Valley/Dublin Gulch environmental baseline assessment. Volume 1.
590 |a12-34-Supp|b2012-07-31
7870 |tKeno Valley/Dublin Gulch environmental baseline assessment. Volume 1|w9.696489
85640|ahttp://publications.gc.ca|qPDF|s29272 KB|uhttps://publications.gc.ca/collections/collection_2012/tpsgc-pwgsc/P4-49-2-2000-eng.pdf